000 00551nam a2200193Ia 4500
005 20250508152218.0
008 008 250505s9999 xx 000 0 eng d
037 _aTextual
040 _aFEDL
_beng
_cFEDL
041 _aeng
_2eng
084 _a613, WIL
_qFEDL
100 _aWilliams Jesse Feiring
_992918
245 0 _aHealthful living : Based on the essentials of physiology
250 _a5th
260 _aNew York, USA
_bThe Macmillan Company
_c1957
300 _a604p.
942 _cTEXL
_h613, WIL
999 _c1335000
_d1335000